| 000 | 00752 a2200133 4500 | ||
|---|---|---|---|
| 082 |
_a701 _bC585c |
||
| 100 |
_aClair, Jean _9521 |
||
| 245 |
_aConsiderations sur l'etat des beaux- arts _bCritique de la modernite |
||
| 260 |
_aFrancia _bEditions Gallimard _c1983 |
||
| 300 |
_a193 p _c20.5 cm |
||
| 505 |
_tI. Les relations d'incertitude _tII. Cronos et Mnemosyne _tIII. Existence et persistance _tIV. Modernite et avant-garde _tV. L'avant-garde et le realisme socialiste _tVI. Le classique et le concret _tVII. Novum et renouveau _tVIII. Kunstwollen ou Kunstkonnen _tIX. Le retour au dessin _tX. Eloge du pastel _tXI. Metier, mythe el memoire _tXII. Apocalypsis cum figura |
||
| 650 |
_aArte moderno _varte - psicologa̕ _vcrt̕ica de arte _9552 |
||
| 700 |
_aJean Clair _9522 |
||
| 999 |
_c103 _d103 |
||